Bodhivrukshathinte Ilakal (Record no. 107833)

MARC details
000 -LEADER
fixed length control field 00396nam a2200133Ia 4500
008 - FIXED-LENGTH DATA ELEMENTS--GENERAL INFORMATION
fixed length control field 211119s9999||||xx |||||||||||||| ||und||
082 ## - DEWEY DECIMAL CLASSIFICATION NUMBER
Classification number 158
Item number DAS-B
100 ## - MAIN ENTRY--PERSONAL NAME
Personal name Das, P N
245 #0 - TITLE STATEMENT
Title Bodhivrukshathinte Ilakal
260 ## - PUBLICATION, DISTRIBUTION, ETC.
Name of publisher, distributor, etc. Olive Publications
Place of publication, distribution, etc. Calicut
Date of publication, distribution, etc. 1999
300 ## - PHYSICAL DESCRIPTION
Extent 154p
650 ## - SUBJECT ADDED ENTRY--TOPICAL TERM
Topical term or geographic name entry element philosophy & psychology
942 ## - ADDED ENTRY ELEMENTS (KOHA)
Koha item type BOOK
650 ## - SUBJECT ADDED ENTRY--TOPICAL TERM
Form subdivision psychologypositive thinkingEconomics
General subdivision PGR-GANDHIAN STUDIES
Holdings
Withdrawn status Lost status Damaged status Not for loan Home library Current library Date acquired Cost, normal purchase price Total Checkouts Full call number Barcode Shelving location Date last seen Price effective from Koha item type
        SB LIBRARY SB LIBRARY 19/11/2021 85.00   158 DAS-B 00121249 PGR-GANDHIAN STUDIES 19/11/2021 19/11/2021 BOOK

Powered by Koha